| 000 | 00000nam 2200000zi 4500 |
| 001 | 9.883902 |
| 003 | CaOODSP |
| 005 | 20241203113654 |
| 006 | m o d f |
| 007 | cr |n||||||||| |
| 008 | 200124e197301##oncdb ob f000 0 eng d |
| 040 | |aCaOODSP|beng|erda|cCaOODSP |
| 043 | |an-cn-on |
| 086 | 1 |aEn57-46/24E-PDF |
| 100 | 1 |aFindlay, B. F., |eauthor. |
| 245 | 10|aClimatography of Pukaskwa National Park, Ontario : |ba climatological inventory / |cprepared for the National and Historic Parks Branch, Department of Indian Affairs and Northern Development ; by B.F. Findlay. |
| 264 | 1|aToronto : |bApplications and Consultation Division, Atmospheric Environment Service, |cJanuary 1973. |
| 300 | |a1 online resource (46 pages, 66 unnumbered pages) : |bcharts, maps. |
| 336 | |atext|btxt|2rdacontent |
| 337 | |acomputer|bc|2rdamedia |
| 338 | |aonline resource|bcr|2rdacarrier |
| 490 | 1 |aProject report (Canada. Meteorological Applications Branch) ; |vno. 24 |
| 500 | |aDigitized edition from print [produced by Environment and Climate Change Canada]. |
| 504 | |aIncludes bibliographical references (pages 44-46). |
| 520 | 3 |a"The Pukaskwa Park is located in an area of Northern Ontario which is relatively inaccessible due to exceedingly rough topography. Physiographic and climatic characteristics are complex, and are complicated by the adjacent major water-body, Lake Superior"--Abstract. |
| 651 | 0|aPukaskwa National Park (Ont.)|xClimate. |
| 651 | 6|aParc national de Pukaskwa (Ont.)|xClimat. |
| 710 | 1 |aCanada. |bEnvironment Canada. |
| 710 | 1 |aCanada. |bAtmospheric Environment Service. |
| 710 | 1 |aCanada. |bMeteorological Applications Branch. |bApplications and Consultation Division. |
| 710 | 1 |aCanada.|bNational and Historic Parks Branch. |
| 830 | #0|aProject report (Canada. Meteorological Applications Branch)|vno. 24.|w(CaOODSP)9.883702 |
| 856 | 40|qPDF|s203.89 MB|uhttps://publications.gc.ca/collections/collection_2020/eccc/En57-46-24-eng.pdf |